Design and Strategy for Corporate Information Services MIS Long-Range Planning
Salvato in:
| Autore principale: | |
|---|---|
| Natura: | Libro |
| Lingua: | inglese |
| Pubblicazione: |
Englewood Cliffs
Prentice Hall
1982
|
| Edizione: | 1. ed. |
| Soggetti: | |
| Tags: |
Nessun Tag, puoi essere il primo ad aggiungerne!!
|
MARC
| LEADER | 00000nam a2200000 4500 | ||
|---|---|---|---|
| 001 | c009614 | ||
| 005 | 20221207074517.5 | ||
| 020 | |a 0-13-201707-5 | ||
| 041 | 0 | |a eng | |
| 044 | |a US | ||
| 245 | 1 | 0 | |a Design and Strategy for Corporate Information Services |b MIS Long-Range Planning |c Larry E. Long |
| 250 | |a 1. ed. | ||
| 264 | 1 | |a Englewood Cliffs |b Prentice Hall |c 1982 | |
| 300 | |a 186 s. | ||
| 610 | 2 | 0 | |a systémy riadenia automatizované |
| 610 | 2 | 0 | |a plánovanie |
| 610 | 2 | 0 | |a systémy informačné manažérske |
| 610 | 2 | 0 | |a systémy informačné riadiace |
| 100 | 1 | |a Long, Larry E. | |